000 00532nam a2200217Ia 4500
003 OSt
005 20221005131326.0
006 a|||||r|||| 00| 0
007 ta
008 221004b |||||||| |||| 00| 0 snd d
024 _a6949
037 _cTextual
040 _aCRL
_cCRL
_bsnd
041 _2snd
_asnd
082 _aU8.233'M38, 1593J6
100 _aNizamnani
_9639424
245 0 _aSindh jo safar
260 _c1956
942 _hU8.233'M38, 1593J6
_cTEXL
_2cc
999 _c1059964
_d1059964